Statistiques concernant Trouver les intrus en 60 secondes #3

Cliquez ici pour prendre le quiz!

Statistiques générales

  • Ce quiz a été pris 292 fois
  • Le résultat moyen est 3 sur 6

Statistiques - réponses

Réponse% Correct
Termes de l'Échelle du temps géologique
100%
Kryptocène
46%
Mésogène
45%
Néolithique
34%
Pré-Jurassique
27%
Paléolithique
24%

Distribution des résultats

Percentile par nombre de réponses

% des personnes avec chaque résultat

Votre développement - résultats

Vous n’avez pas pris ce quiz